Manchester United Non-Substitutes Quiz Stats

 Plays Quiz not verified by Sporcle

Challenge
Share
Tweet
Embed
Score 0/10 Timer 06:00
0 Plays Today
Appearances Player % Correct
252Peter Schmeichel
85.3%
186Edwin van der Sar
82.4%
228*David de Gea
80.4%
92Fabien Barthez
65.7%
148Steve Bruce
49%
206Gary Pallister
44.1%
27*Romelu Lukaku
40%
79Jaap Stam
35.3%
116Paul Ince
30.4%
28*Nemanja Matić
20%

You're not logged in!

Compare scores with friends on all Sporcle quizzes.
OR
Log In

You Might Also Like...

Show Comments

Extras

Top Quizzes Today


Score Distribution

Your Account Isn't Verified!

In order to create a playlist on Sporcle, you need to verify the email address you used during registration. Go to your Sporcle Settings to finish the process.

Report this User

Report this user for behavior that violates our Community Guidelines.

Details: